000 00875nam a2200265 a 4500
001 000037890
003 OSt
005 20201111141949.0
008 130308s2012 dr a 001 0 spa d
020 _a9789945460575
040 _aDO-SdBNP
_bspa
_cBNPHU
082 _a465
_bM971L, 2012
100 1 _aMuñoz, Orlando,
_d1972-
_933211
245 1 3 _aLa lengua en movimiento :
_bmanual de teoría y ejercicios de la lengua española /
_cOrlando Muñoz.
250 _a2ª ed.
260 _aSanto Domingo :
_bBúho,
_c2012.
300 _a410 p. :
_bil. ;
_c24 cm.
500 _aIncluye datos biográficos del autor en las solapas de la cubierta.
504 _aBibliografía : p. 407-410.
590 _aInventariado, 2018/LP
650 4 _aEspañol
_xEnseñanza
_9406
650 4 _aEspañol
_xGramática
_93475
910 _aValidado. Control de calidad EMS
942 _2ddc
_cLBS1
999 _c37380
_d37380